000 00436cam a2200145 4500500
005 20251109010917.0
041 _afre
042 _adc
100 1 0 _aAucante, Yohann
_eauthor
245 0 0 _aDémocratie sociale vs Big Tech
260 _c2025.
500 _a59
786 0 _nPouvoirs | 195 | 4 | 2025-10-06 | p. 91-103 | 0152-0768
856 4 1 _uhttps://droit.cairn.info/revue-pouvoirs-2025-4-page-91?lang=fr&redirect-ssocas=7080
999 _c1562156
_d1562156